LEADER 01463nam a2200289 i 4500 001 991000937179707536 005 20020507180156.0 008 941026s1968 it ||| | ita 035 $ab10778184-39ule_inst 035 $aLE01304565$9ExL 040 $aDip.to Matematica$beng 084 $aAMS 51A05 100 1 $aCossu, Aldo$0440292 245 10$aGeometria I :$belementi di geometria proiettiva [per i] corsi di laurea in Matematica e Fisica anno accademico 1967-68 /$c[A. Cossu] ; Istituto di Matematica Univ. degli studi di Lecce 260 $a[s.l.] :$c[1968] 300 $a189 p. in varie sequenze ;$c33 cm 650 0$aProjective geometry 907 $a.b10778184$b16-10-15$c28-06-02 912 $a991000937179707536 945 $aLE013 51A COS11 C.1 (1968)$g1$i2013000011868$lle013$o-$pE0.00$q-$rl$s- $t0$u0$v0$w0$x0$y.i10877423$z28-06-02 945 $aLE013 51A COS11 C.2 (1968)$g2$i2013000011875$lle013$o-$pE0.00$q-$rl$s- $t0$u0$v0$w0$x0$y.i10877435$z28-06-02 945 $aLE013 51A COS11 C.3 (1968)$g3$i2013000011882$lle013$o-$pE0.00$q-$rl$s- $t0$u0$v0$w0$x0$y.i10877447$z28-06-02 945 $aLE013 51A COS11 C.4 (1968)$g4$i2013000011899$lle013$o-$pE0.00$q-$rl$s- $t0$u0$v0$w0$x0$y.i10877459$z28-06-02 945 $aLE013 51A COS11 C.5 (1968)$g5$i2013000011905$lle013$o-$pE0.00$q-$rl$s- $t0$u0$v0$w0$x0$y.i10877460$z28-06-02 996 $aGeometria I$9921751 997 $aUNISALENTO 998 $ale013$b01-01-94$cm$da $e-$fita$git $h0$i5 LEADER 00943nam0-2200325 --450 001 9910916497803321 005 20241217111543.0 010 $a88-06-59351-0 010 $a88-06-59351-X 020 $aIT$b89-680 100 $a20241217d1987----kmuy0itay5050 ba 101 0 $aita 102 $aIT 105 $a 001yy 200 1 $aAllegoria e migrazione dei simboli$fRudolf Wittkower$gintroduzione di Giovanni Romano 210 $aTorino$cG. Einaudi$d1987 215 $aLII, 353 p.$cill.$d22 cm 225 1 $aBiblioteca di storia dell'arte. N. S$v8 300 $aTrad. di Marcello Ciccuto 610 0 $aSimboli 610 0 $aAllegorie 676 $a704.946$v19 700 1$aWittkower,$bRudolf$010927 801 0$aIT$bUNINA$gREICAT$2UNIMARC 901 $aBK 912 $a9910916497803321 952 $aDAM A20 WITR 01$b2024/9220$fFLFBC 959 $aFLFBC 996 $aAllegoria e migrazione dei simboli$9146532 997 $aUNINA